Modernidad y universalismo / (Record no. 34089)
[ view plain ]
| 000 -LEADER | |
|---|---|
| campo de control de longitud fija | 01312cam a2200301 a 4500 |
| 001 - NÚMERO DE CONTROL | |
| campo de control | 32761 |
| 005 - FECHA Y HORA DE LA ÚLTIMA TRANSACCIÓN | |
| campo de control | 20230410105315.0 |
| 008 - DATOS DE LONGITUD FIJA--INFORMACIÓN GENERAL | |
| campo de control de longitud fija | 920827s1991 ve b i100 0 spa |
| 035 ## - NÚMERO DE CONTROL DEL SISTEMA | |
| -- | (DLC) 92206389 |
| 035 ## - NÚMERO DE CONTROL DEL SISTEMA | |
| Número de control de sistema | 2042502 |
| 010 ## - NÚMERO DE CONTROL DE LA BIBLIOTECA DEL CONGRESO | |
| Número de control de LC | 92206389 |
| 020 ## - NÚMERO INTERNACIONAL ESTÁNDAR DEL LIBRO | |
| Número Internacional Estándar del Libro | 9803170023 |
| 040 ## - FUENTE DE CATALOGACIÓN | |
| Centro catalogador/agencia de origen | DLC |
| Centro/agencia transcriptor | DLC |
| 043 ## - CÓDIGO DE ÁREA GEOGRÁFICA | |
| Código de área geográfica | cl----- |
| 050 14 - SIGNATURA TOPOGRÁFICA DE LA BIBLIOTECA DEL CONGRESO | |
| Número de clasificación | H 61 |
| Número de ítem | M689 1991 |
| 082 00 - NÚMERO DE LA CLASIFICACIÓN DECIMAL DEWEY | |
| Número de clasificación | 300/.98 |
| Número de edición | 20 |
| 245 00 - MENCIÓN DEL TÍTULO | |
| Título | Modernidad y universalismo / |
| Mención de responsabilidad, etc. | Edgardo Lander, editor. |
| 260 ## - PUBLICACIÓN, DISTRIBUCIÓN, ETC. | |
| Lugar de publicación, distribución, etc. | Caracas, Venezuela : |
| Nombre del editor, distribuidor, etc. | Rectorado de la Universidad Central de Venezuela : |
| -- | Unesco : |
| -- | Editorial Nueva Sociedad, |
| Fecha de publicación, distribución, etc. | 1991. |
| 300 ## - DESCRIPCIÓN FÍSICA | |
| Extensión | 186 p. ; |
| Dimensiones | 23 cm. |
| 440 #0 - MENCIÓN DE SERIE/PUNTO DE ACCESO ADICIONAL--TÍTULO | |
| Título | Pensamiento crítico, un diálogo interregional ; |
| Designación de volumen o secuencia | 1 |
| 500 ## - NOTA GENERAL | |
| Nota general | "... parte deste volumen tienen su origen en el Seminario 'Diálogo interregional sobre desarrollo, democracia y pensamiento crítico" que se realizó en la Colonia Tovar (Estado Aragua, Venezuela, entre el 1 y el 5 de octubre de 1990)"--P. [4] of cover. |
| 504 ## - NOTA DE BIBLIOGRAFÍA, ETC. | |
| Nota de bibliografía, etc. | Includes bibliographical references (p. [179]-184). |
| 650 #0 - PUNTO DE ACCESO ADICIONAL DE MATERIA--TÉRMINO DE MATERIA | |
| Término de materia o nombre geográfico como elemento de entrada | Social sciences |
| Subdivisión geográfica | Latin America |
| Subdivisión general | Philosophy |
| -- | Congresses. |
| 700 1# - ENTRADA AGREGADA--NOMBRE PERSONAL | |
| Nombre de persona | Lander, Edgardo. |
| 711 2# - ENTRADA AGREGADA--NOMBRE DE REUNIÓN | |
| Nombre de congreso/reunión o jurisdicción como elemento de entrada | Seminario "Diálogo Interregional sobre Desarrollo, Democracia y Pensamiento Crítico |
| Fecha del congreso o de la firma del tratado | (1990 : |
| Sede del congreso/Lugar de la reunión | Colonia Tovar, Aragua, Venezuela) |
| 942 ## - ELEMENTOS DE ENTRADA SECUNDARIOS (KOHA) | |
| Fuente del sistema de clasificación o colocación | Clasificación de Library of Congress |
| Tipo de ítem Koha | |
| 922 ## - | |
| -- | ax |
| Estatus retirado | Estado de pérdida | Fuente del sistema de clasificación o colocación | Estado de daño | No para préstamo | Colección | Biblioteca de origen | Biblioteca actual | Ubicación en estantería | Fecha de adquisición | Serial enumeration / chronology | Signatura topográfica completa | Código de barras | Visto por última vez | Copia número | Tipo de ítem Koha |
|---|---|---|---|---|---|---|---|---|---|---|---|---|---|---|---|
| Clasificación de Library of Congress | Ciencias Sociales | Biblioteca Juan Bosch | Biblioteca Juan Bosch | Ciencias Sociales (3er. Piso) | 10/04/2023 | 1 | H 61 M689 1991 | 00000036157 | 24/10/2018 | 1 |
